The glory of Christ / (Record no. 9845)

MARC details
000 -LEADER
fixed length control field 00784nam a2200253 a 4500
001 - CONTROL NUMBER
control field 4363998
003 - CONTROL NUMBER IDENTIFIER
control field OSt
005 - DATE AND TIME OF LATEST TRANSACTION
control field 20210204160822.0
008 - FIXED-LENGTH DATA ELEMENTS--GENERAL INFORMATION
fixed length control field 900420s1990 ilu 000 0beng
010 ## - LIBRARY OF CONGRESS CONTROL NUMBER
LC control number 90070613
020 ## - INTERNATIONAL STANDARD BOOK NUMBER
International Standard Book Number 084231041X
040 ## - CATALOGING SOURCE
Original cataloging agency DLC
Transcribing agency DLC
050 00 - LIBRARY OF CONGRESS CALL NUMBER
Classification number BT301.2
Item number SP771G
082 00 - DEWEY DECIMAL CLASSIFICATION NUMBER
Classification number 232.9/01
-- B
Edition number 20
Item number SP771G
100 1# - MAIN ENTRY--PERSONAL NAME
Personal name Sproul, R. C.
Fuller form of name (Robert Charles),
Dates associated with a name 1939-
245 14 - TITLE STATEMENT
Title The glory of Christ /
Statement of responsibility, etc. R.C. Sproul.
260 ## - PUBLICATION, DISTRIBUTION, ETC.
Place of publication, distribution, etc. Wheaton, Ill. :
Name of publisher, distributor, etc. Tyndale House,
Date of publication, distribution, etc. c1990.
300 ## - PHYSICAL DESCRIPTION
Extent 219 p. ;
Dimensions 22 cm.
600 00 - SUBJECT ADDED ENTRY--PERSONAL NAME
Personal name Jesus Christ
General subdivision Biography.
600 00 - SUBJECT ADDED ENTRY--PERSONAL NAME
Personal name Jesus Christ
General subdivision Person and offices.
906 ## - LOCAL DATA ELEMENT F, LDF (RLIN)
a 7
b cbc
c orignew
d 3
e opcn
f 19
g y-gencatlg
942 ## - ADDED ENTRY ELEMENTS (KOHA)
Source of classification or shelving scheme Dewey Decimal Classification
Koha item type Books
Holdings
Withdrawn status Lost status Source of classification or shelving scheme Damaged status Not for loan Collection code Home library Current library Shelving location Date acquired Total Checkouts Full call number Barcode Date last seen Price effective from Koha item type
    Dewey Decimal Classification     Non-fiction Harvest Mission College Harvest Mission College General Stacks 09.02.2021   232.9 SP771G 011326 09.02.2021 09.02.2021 Books

OPAC Designed and Maintained by HMC Library Team.
Copyright © HMC Library,Greater Noida, UP.
For any Suggestions/Query Contact library via Email:libhmc@gmail.com